La soglia dell'estate

Saved in:
Bibliografiske detaljer
Hovedforfatter: Barisone, Daniela
Andre forfattere: Vernet, Juls SK
Format: Bog
Sprog:engelsk
Udgivet: Torrazza Piemonte Lux Lab 2025
Tags: Tilføj Tag
Ingen Tags, Vær først til at tagge denne postø!

MARC

LEADER 00000nam a2200000 4500
003 vda
005 20250812112400.0
008 250812b |||||||| |||| 00| 0 eng d
020 |a 9791281525610 
040 |c Arcigay Queer VdA 
100 |a Barisone, Daniela 
245 |a La soglia dell'estate 
260 |a Torrazza Piemonte  |b Lux Lab  |c 2025 
501 |a L’Agenzia non esiste. Ma non per Tommaso, che è nato nell’Archivio della misteriosa struttura in cui lavora anche il suo eroe, il Piratissimo, un Agente che combatte contro gli eventi soprannaturali che coinvolgono spesso Milano. Vuole diventare come lui, invece è solo un ragazzino di sedici anni neurodivergente che non solo deve andare a scuola, ma è vessato dal suo personale bullo. Bullo il quale crede che l’Agenzia sia una bugia e che Tommaso non faccia altro che sparare sciocchezze. Giulio non ha mai avuto una vita facile. Ripetente e con un padre a cui deve nascondere il proprio essere, sfoga la propria rabbia su Tommaso e i suoi amici. Ma spesso basta un atto di gentilezza – o un’avventura cosmica ai limiti del paranormale in Motel ai confini del tempo e dello spazio – per trovare il bandolo del groviglio delle emozioni che abbiamo nel cuore. Ding. Ding. Ding. Diiiiing. Diiiiing. Diiiiing. Ding. Ding. Ding. 
700 |a Vernet, Juls SK 
942 |2 ddc  |c BK  |n 0 
952 |0 0  |1 0  |2 ddc  |4 0  |6 853_914000000000000_BAR_SOG  |7 0  |9 9523  |a AO  |b AO  |d 2025-08-12  |l 0  |o 853.914 BAR SOG  |p 11556  |r 2025-08-12 11:24:22  |w 2025-08-12  |x Donato dal collettivo Lux Lab  |y BK 
999 |c 7936  |d 7936